000 01176nam a2200325 i 4500
001 bg
003 BPK
005 20200217125653.0
008 060822s2006 pl a f |001 0 pol
015 _aPB 2006/18444
020 _a8320431085
040 _aWA N
_cBPK
041 1 _apol
_heng
080 _a001.81
080 _a51-8
100 1 _aMichalewicz, Zbigniew
_eAutor
245 1 0 _aJak to rozwiązać czyli Nowoczesna heurystyka /
_cZbigniew Michalewicz, David B. Fogel ; z ang. przeł. Aleksy Schubert, Joanna Schubert.
246 3 0 _aNowoczesna heurystyka.
246 1 _iTyt. oryg.:
_aHow to solve it :
_bmodern heuristics,
_f2004.
260 _aWarszawa :
_bWydawnictwa Naukowo-Techniczne,
_c2006.
300 _a624 s. :
_bil. ;
_c25 cm.
504 _aBibliogr. s. 587-616. Indeks.
650 4 _aHeurystyka
700 1 _aFogel, David B.
700 1 _aSchubert, Joanna.
_eTłumaczenie
700 1 _aSchubert, Aleksy.
_eTłumaczenie
710 2 _aWydawnictwa Naukowo-Techniczne
_4pbl.
856 4 1 _uhttp://koha.tu.koszalin.pl/cgi-bin/koha/opac-detail.pl?biblionumber=55985
_yKatalog online BPK
942 _2UKD
_cKS
999 _c55985
_d55985